Los atletas de elite del reino animal

Guardado en:
Formato: Libro
Publicado: Madrid : Rueda, 2004
Materias:
Etiquetas: Agregar Etiqueta
Sin Etiquetas, Sea el primero en etiquetar este registro!
LEADER 00859nam a22002655a 4500
001 CEM.cems017990
005 20130416110246.0
008 130507s2004##################000#0#####d
003 CEMS
020 |a 8484472620 
082 0 4 |a 591.7143 
245 0 0 |a Los atletas de elite del reino animal 
260 |a Madrid :  |b Rueda,  |c 2004 
300 |a 191 p. 
505 0 |a Las montañas para escaladores de pelo y pluma -- Mesetas y altiplanos, para yaks y vicuñas -- De la pulga de los glaciares a los monstruos abisales 
653 |a Animales 
653 |a Fauna de la montaña 
653 |a Montaña-fauna 
653 |a Fauna de la meseta 
653 |a Fauna del altiplano 
653 |a Fauna de cuevas 
653 |a Fauna de grutas 
653 |a Fauna del subsuelo 
653 |a Fauna-hábitat 
859 |a CEMS  |b BIB. CEMS - Agricultura  |h 591.7143  |i An546  |p A1824.13  |t Ej.1